[Event "BCF-chT1d 1617 (4NCL) Demotion pool"]
[Site "England"]
[Date "2017.04.30"]
[Round "10.65"]
[White "Twyble, Michael"]
[Black "Mitra, Roman"]
[Result "1/2-1/2"]
[WhiteElo "2261"]
[BlackElo "2090"]
[PlyCount "43"]
[EventDate "2016.11.19"]
[EventType "team-tourn"]
[EventRounds "4"]
[EventCountry "ENG"]
[SourceTitle "EXT 2018"]
[Source "ChessBase"]
[SourceDate "2017.10.13"]
[SourceVersion "1"]
[SourceVersionDate "2017.10.13"]
[SourceQuality "1"]
[WhiteTeam "Barbican II"]
[BlackTeam "Celtic Tigers"]
[WhiteTeamCountry "ENG"]
[BlackTeamCountry "ENG"]

1. Nf3 c5 2. b3 Nf6 3. Bb2 e6 4. c4 Be7 5. g3 0-0 6. Bg2 Nc6 7. 0-0 b6 8. d4 cxd4 9. Nxd4 Bb7 10. Nc3 a6 11. e3 Ra7 12. Rc1 Qb8 13. Qd2 Rd8 14. Rfd1 Nxd4 15. Qxd4 Bxg2 16. Kxg2 d6 17. a4 Rad7 18. Qf4 h6 19. Qf3 d5 20. cxd5 Nxd5 21. Nxd5 Rxd5 22. Rxd5 1/2-1/2

[Event "BCF-chT2a 1112 (4NCL)"]
[Site "England"]
[Date "2012.01.15"]
[Round "4.1"]
[White "Crouch, Colin S"]
[Black "Twyble, Michael"]
[Result "1-0"]
[WhiteElo "2374"]
[BlackElo "2274"]
[PlyCount "71"]
[EventDate "2011.11.12"]
[EventType "team-tourn"]
[EventRounds "7"]
[EventCountry "ENG"]
[SourceTitle "EXT 2013"]
[Source "ChessBase"]
[SourceDate "2012.11.22"]
[SourceVersion "1"]
[SourceVersionDate "2012.11.22"]
[SourceQuality "1"]
[WhiteTeam "Pandoras Box"]
[BlackTeam "Barbican Youth"]
[WhiteTeamCountry "ENG"]
[BlackTeamCountry "ENG"]

1. d4 e6 2. e4 d5 3. Nd2 Nf6 4. e5 Nfd7 5. Bd3 c5 6. c3 Nc6 7. Ne2 cxd4 8. cxd4 Qb6 9. Nf3 Bb4+ 10. Kf1 f6 11. Nf4 fxe5 12. Nxe6 g6 13. Nfg5 Be7 14. Ng7+ Kf8 15. N7e6+ Kg8 16. dxe5 Ndxe5 17. Be2 Nb4 18. Be3 Qd6 19. Bc5 Qd7 20. Rc1 Bxc5 21. Nxc5 Qd8 22. h4 b6 23. Nd3 Nbxd3 24. Bxd3 Bb7 25. Rh3 Qd6 26. Re3 h6 27. Nf3 Ng4 28. Re1 Rf8 29. Qe2 Rf7 30. Qe6 Nh2+ 31. Nxh2 Qxh2 32. Qxg6+ Kf8 33. Bb5 Qh1+ 34. Ke2 Qxh4 35. Kd3 Qg5 36. Re8# 1-0

[Event "BCF-chT2 1011 (4NCL)"]
[Site "England"]
[Date "2010.11.07"]
[Round "2.22"]
[White "Twyble, Michael"]
[Black "Stebbings, Anthony"]
[Result "1/2-1/2"]
[WhiteElo "2271"]
[BlackElo "2285"]
[PlyCount "29"]
[EventDate "2010.11.06"]
[EventType "team-swiss"]
[EventRounds "11"]
[EventCountry "ENG"]
[SourceTitle "EXT 2012"]
[Source "ChessBase"]
[SourceDate "2011.11.24"]
[SourceVersion "1"]
[SourceVersionDate "2011.11.24"]
[SourceQuality "1"]
[WhiteTeam "Barbican Youth"]
[BlackTeam "Jutes of Kent"]
[WhiteTeamCountry "ENG"]
[BlackTeamCountry "ENG"]

1. e4 c5 2. Nf3 e6 3. d4 cxd4 4. Nxd4 Nc6 5. Nc3 Qc7 6. Be3 a6 7. f4 b5 8. Nxc6 Qxc6 9. Bd3 Bb7 10. Qe2 b4 11. Nb1 Nf6 12. Nd2 Be7 13. 0-0 0-0 14. Kh1 a5 15. Rac1 1/2-1/2

[Event "BCF-chT1a 0910 (4NCL)"]
[Site "England"]
[Date "2010.02.20"]
[Round "5.7"]
[White "Martin, Andrew D"]
[Black "Twyble, Michael"]
[Result "1/2-1/2"]
[WhiteElo "2411"]
[BlackElo "2264"]
[PlyCount "30"]
[EventDate "2009.10.24"]
[EventType "team-tourn"]
[EventRounds "7"]
[EventCountry "ENG"]
[SourceTitle "EXT 2011"]
[Source "ChessBase"]
[SourceDate "2010.11.26"]
[SourceVersion "1"]
[SourceVersionDate "2010.11.26"]
[SourceQuality "1"]
[WhiteTeam "Wood Green Hilsmark Kingfisher"]
[BlackTeam "Barbican II"]
[WhiteTeamCountry "ENG"]
[BlackTeamCountry "ENG"]

1. d4 d5 2. c4 dxc4 3. Nf3 Nf6 4. e3 e6 5. Bxc4 c5 6. 0-0 a6 7. Bb3 b5 8. Qe2 Bb7 9. Rd1 Nbd7 10. Nc3 Be7 11. d5 exd5 12. Nxd5 Nxd5 13. Bxd5 Bxd5 14. Rxd5 Qc7 15. e4 0-0 1/2-1/2

[Event "BCF-chT 0708 (4NCL)"]
[Site "Sunningdale"]
[Date "2008.05.05"]
[Round "11.1"]
[White "Morrison, Graham"]
[Black "Twyble, Michael"]
[Result "1/2-1/2"]
[WhiteElo "2332"]
[BlackElo "2267"]
[PlyCount "63"]
[EventDate "2007.09.15"]
[EventType "team-tourn"]
[EventRounds "11"]
[EventCountry "ENG"]
[SourceTitle "EXT 2008"]
[Source "ChessBase"]
[SourceDate "2007.11.25"]
[SourceVersion "1"]
[SourceVersionDate "2007.11.25"]
[SourceQuality "1"]
[WhiteTeam "North West Eagles"]
[BlackTeam "Barbican II"]
[WhiteTeamCountry "ENG"]
[BlackTeamCountry "ENG"]

1. d4 d5 2. c4 dxc4 3. Nf3 Nf6 4. e3 e6 5. Bxc4 c5 6. 0-0 a6 7. a4 Nc6 8. Qe2 cxd4 9. Rd1 Be7 10. exd4 0-0 11. Nc3 Nd5 12. Qe4 Nf6 13. Qe2 Nd5 14. Bd3 Re8 15. h4 b6 16. Bb1 Bb7 17. Nxd5 Qxd5 18. Be4 Qd7 19. Bg5 Rad8 20. Rac1 Bxg5 21. hxg5 Nb4 22. Ne5 Qe7 23. Bxh7+ Kxh7 24. Qh5+ Kg8 25. Rc3 g6 26. Qh4 Qf8 27. Ng4 Nd5 28. Rh3 Qg7 29. Rdd3 Kf8 30. Nf6 Ke7 31. Nxe8 Rxe8 32. Qg3 1/2-1/2

[Event "BCF-chT 0708 (4NCL)"]
[Site "Sunningdale"]
[Date "2008.03.02"]
[Round "8.6"]
[White "Twyble, Michael"]
[Black "Graham, David Bruce"]
[Result "1-0"]
[WhiteElo "2267"]
[BlackElo "2216"]
[PlyCount "77"]
[EventDate "2007.09.15"]
[EventType "team-tourn"]
[EventRounds "11"]
[EventCountry "ENG"]
[SourceTitle "EXT 2008"]
[Source "ChessBase"]
[SourceDate "2007.11.25"]
[SourceVersion "1"]
[SourceVersionDate "2007.11.25"]
[SourceQuality "1"]
[WhiteTeam "Barbican II"]
[BlackTeam "The ADS"]
[WhiteTeamCountry "ENG"]
[BlackTeamCountry "ENG"]

1. d4 Nf6 2. c4 g6 3. Nc3 Bg7 4. e4 d6 5. Nf3 0-0 6. Be2 e5 7. d5 Nbd7 8. Be3 Ng4 9. Bg5 f6 10. Bd2 f5 11. Ng5 Nc5 12. b4 fxe4 13. 0-0 e3 14. Bxg4 exd2 15. Nxh7 Bxg4 16. Qxg4 Kxh7 17. bxc5 Rf4 18. Qe2 dxc5 19. Ne4 Rxe4 20. Qxe4 Qg5 21. Rab1 Rb8 22. Qe3 Qxe3 23. fxe3 e4 24. Kf2 Bc3 25. Ke2 Kg7 26. Rf4 b6 27. Rxe4 Rf8 28. Re7+ Rf7 29. Rxf7+ Kxf7 30. Rb3 Bb4 31. Rd3 Ke7 32. e4 Kd6 33. Rg3 b5 34. Rxg6+ Ke5 35. Re6+ Kd4 36. cxb5 c4 37. Rc6 c3 38. h4 Bc5 39. h5 1-0

[Event "BCF-chT 0708 (4NCL)"]
[Site "Sunningdale"]
[Date "2008.01.13"]
[Round "6.3"]
[White "Sowray, Peter John"]
[Black "Twyble, Michael"]
[Result "1-0"]
[WhiteElo "2317"]
[BlackElo "2267"]
[PlyCount "75"]
[EventDate "2007.09.15"]
[EventType "team-tourn"]
[EventRounds "11"]
[EventCountry "ENG"]
[SourceTitle "EXT 2008"]
[Source "ChessBase"]
[SourceDate "2007.11.25"]
[SourceVersion "1"]
[SourceVersionDate "2007.11.25"]
[SourceQuality "1"]
[WhiteTeam "Wood Green London"]
[BlackTeam "Barbican II"]
[WhiteTeamCountry "ENG"]
[BlackTeamCountry "ENG"]

1. c4 e5 2. Nc3 Nf6 3. Nf3 Nc6 4. e3 Bb4 5. Qc2 Bxc3 6. bxc3 0-0 7. d3 d6 8. g3 Qe8 9. e4 Nh5 10. Nh4 g6 11. Bh6 Ng7 12. Bg2 Bd7 13. 0-0 Ne7 14. f4 f6 15. Qd2 Kh8 16. Rf2 Ng8 17. fxe5 fxe5 18. Rxf8 Qxf8 19. Rf1 Qe8 20. d4 Nxh6 21. Qxh6 Kg8 22. Nf3 Ne6 23. d5 Qf8 24. Qh4 Nd8 25. Nxe5 Qg7 26. Nxd7 Qxd7 27. Bh3 Qg7 28. Qf4 h5 29. c5 g5 30. Qf5 Nf7 31. Qe6 g4 32. Rf6 Kf8 33. cxd6 cxd6 34. Qxd6+ Kg8 35. Qe6 Kf8 36. Bf1 Re8 37. Qf5 Re7 38. d6 1-0

[Event "BCF-chT2 0405 (4NCL)"]
[Site "West Bromwich"]
[Date "2004.09.19"]
[Round "2.3"]
[White "Arnott, Jonathan"]
[Black "Twyble, Michael"]
[Result "0-1"]
[WhiteElo "2127"]
[BlackElo "2228"]
[PlyCount "62"]
[EventDate "2004.09.18"]
[EventType "team"]
[EventRounds "11"]
[EventCountry "ENG"]
[SourceTitle "EXT 2006"]
[Source "ChessBase"]
[SourceDate "2005.11.24"]
[SourceVersion "1"]
[SourceVersionDate "2005.11.24"]
[SourceQuality "1"]
[WhiteTeam "White Rose"]
[BlackTeam "Barbican II"]
[WhiteTeamCountry "ENG"]
[BlackTeamCountry "ENG"]

1. e4 c5 2. d3 Nc6 3. g3 d5 4. Nd2 Nf6 5. Bg2 e6 6. Ngf3 Be7 7. 0-0 0-0 8. c3 b5 9. exd5 exd5 10. a4 bxa4 11. Qxa4 Bd7 12. Qc2 Re8 13. b3 Rc8 14. Ba3 Bf5 15. Nh4 Be6 16. Rfe1 Qd7 17. Ndf3 h6 18. Ne5 Nxe5 19. Rxe5 Ng4 20. Re2 Bxh4 21. gxh4 Qc7 22. h3 Qh2+ 23. Kf1 Nf6 24. Re3 d4 25. Rxe6 fxe6 26. cxd4 cxd4 27. Bc5 Nd5 28. Rxa7 Nf4 29. Be4 Qxh3+ 30. Ke1 Qg4 31. Kf1 Rxc5 0-1

[Event "BCF-chT2 0405 (4NCL)"]
[Site "West Bromwich"]
[Date "2004.09.18"]
[Round "1.3"]
[White "Twyble, Michael"]
[Black "Rendle, Thomas E"]
[Result "1/2-1/2"]
[WhiteElo "2228"]
[BlackElo "2258"]
[PlyCount "56"]
[EventDate "2004.09.18"]
[EventType "team"]
[EventRounds "11"]
[EventCountry "ENG"]
[SourceTitle "EXT 2006"]
[Source "ChessBase"]
[SourceDate "2005.11.24"]
[SourceVersion "1"]
[SourceVersionDate "2005.11.24"]
[SourceQuality "1"]
[WhiteTeam "Barbican II"]
[BlackTeam "PYO"]
[WhiteTeamCountry "ENG"]
[BlackTeamCountry "ENG"]

1. d4 f5 2. g3 g6 3. Bg2 Nf6 4. c4 Bg7 5. Nf3 0-0 6. 0-0 d6 7. Nc3 Nc6 8. d5 Ne5 9. Nxe5 dxe5 10. Qb3 h6 11. Rd1 Kh8 12. c5 g5 13. Bd2 a6 14. Na4 Qe8 15. Ba5 Bd7 16. Nc3 b6 17. cxb6 cxb6 18. Qxb6 e4 19. f3 Rb8 20. Qxa6 Rxb2 21. Rab1 Rxb1 22. Rxb1 e3 23. Bc7 Nh5 24. Qd3 f4 25. g4 Nf6 26. Be5 Qa8 27. Qd4 Qa6 28. Rb6 Qa5 1/2-1/2

[Event "Southend op"]
[Site "London"]
[Date "2004.04.09"]
[Round "1"]
[White "O'Toole, Antony J"]
[Black "Twyble, Michael"]
[Result "0-1"]
[WhiteElo "1997"]
[BlackElo "2245"]
[PlyCount "120"]
[EventDate "2004.04.09"]
[EventType "swiss"]
[EventRounds "7"]
[EventCountry "ENG"]
[SourceTitle "EXT 2006"]
[Source "ChessBase"]
[SourceDate "2005.11.24"]
[SourceVersion "1"]
[SourceVersionDate "2005.11.24"]
[SourceQuality "1"]

1. d4 Nf6 2. Nf3 g6 3. c4 Bg7 4. Nc3 0-0 5. e4 d6 6. h3 Na6 7. Be3 e5 8. dxe5 dxe5 9. Qxd8 Rxd8 10. Be2 c6 11. 0-0 Re8 12. Rfd1 Nh5 13. Rac1 Nf4 14. b3 Nxe2+ 15. Nxe2 f6 16. Rd2 Be6 17. Rcd1 Bf8 18. Nc3 Bb4 19. Rd3 Kf7 20. Ne2 Ke7 21. Kf1 Nc5 22. Bxc5+ Bxc5 23. Nc3 Red8 24. Ke2 Rxd3 25. Rxd3 Bd6 26. Nd2 a6 27. Nd1 b5 28. Ne3 Bc5 29. Rc3 b4 30. Rc2 a5 31. Nf3 a4 32. Rb2 axb3 33. axb3 Bxe3 34. Kxe3 Ra1 35. Ke2 Kd6 36. Ne1 c5 37. Nc2 Rg1 38. Ne1 f5 39. f3 f4 40. Ra2 Bd7 41. Ra6+ Ke7 42. Ra8 h5 43. Ra5 Kd6 44. Ra6+ Bc6 45. Ra7 Bd7 46. Rb7 g5 47. Rb6+ Bc6 48. Rb8 g4 49. Rh8 gxh3 50. gxh3 Rh1 51. Rh6+ Kc7 52. Rxh5 Rh2+ 53. Kd1 Rb2 54. Rxe5 Kd6 55. Rf5 Rxb3 56. Rxf4 Ke5 57. Rf8 Kd4 58. h4 Kxc4 59. e5 Re3 60. f4 Kc3 0-1

[Event "BCF-chT 0203 (4NCL)"]
[Site "West Bromwich"]
[Date "2003.03.09"]
[Round "6.6"]
[White "Twyble, Michael"]
[Black "Zeidler, Sven P"]
[Result "1/2-1/2"]
[WhiteElo "2238"]
[BlackElo "2265"]
[PlyCount "55"]
[EventDate "2002.11.??"]
[EventType "team"]
[EventRounds "11"]
[EventCountry "ENG"]
[SourceTitle "EXT 2004"]
[Source "ChessBase"]
[SourceDate "2003.11.25"]
[SourceVersion "1"]
[SourceVersionDate "2003.11.25"]
[SourceQuality "1"]
[WhiteTeam "Barbican II"]
[BlackTeam "SW Dragons"]
[WhiteTeamCountry "ENG"]
[BlackTeamCountry "ENG"]

1. e4 d5 2. exd5 Qxd5 3. Nc3 Qd6 4. Bc4 Nf6 5. d3 a6 6. Nf3 b5 7. Bb3 Bb7 8. Qe2 e6 9. Bg5 Nbd7 10. d4 Be7 11. 0-0-0 h6 12. Bxf6 Nxf6 13. d5 Nxd5 14. Nxd5 Bxd5 15. Bxd5 exd5 16. Rhe1 Kf8 17. Rd3 Bf6 18. Kb1 g6 19. Nd2 c6 20. Ne4 Qe5 21. Nxf6 Qxf6 22. Rf3 Qd6 23. Qe6 Qxe6 24. Rxe6 Kg7 25. Rxc6 Rhe8 26. b3 Re6 27. Rc7 Rf6 28. Rxf6 1/2-1/2

[Event "BCF-chT2 0203 (4NCL)"]
[Site "West Bromwich"]
[Date "2002.11.23"]
[Round "1.2"]
[White "Davies, Nigel Rodney"]
[Black "Twyble, Michael"]
[Result "1-0"]
[WhiteElo "2483"]
[BlackElo "2238"]
[PlyCount "89"]
[EventDate "2002.11.??"]
[EventType "team"]
[EventRounds "11"]
[EventCountry "ENG"]
[SourceTitle "EXT 2004"]
[Source "ChessBase"]
[SourceDate "2003.11.25"]
[SourceVersion "1"]
[SourceVersionDate "2003.11.25"]
[SourceQuality "1"]
[WhiteTeam "Numerica 3CS"]
[BlackTeam "Barbican III"]
[WhiteTeamCountry "ENG"]
[BlackTeamCountry "ENG"]

1. c4 g6 2. d4 Nf6 3. Nf3 Bg7 4. g3 c5 5. Bg2 cxd4 6. Nxd4 Nc6 7. 0-0 0-0 8. Nc3 Nxd4 9. Qxd4 d6 10. Bd2 a6 11. Rac1 Ng4 12. Qd3 Bf5 13. e4 Be6 14. b3 b5 15. cxb5 Ne5 16. Qb1 axb5 17. Nxb5 Bd7 18. Nc3 Bc8 19. Bf4 Ba6 20. Rfd1 e6 21. b4 g5 22. Be3 Ng4 23. Bc5 Be5 24. h3 Qf6 25. hxg4 dxc5 26. b5 Rab8 27. Rd3 Bxc3 28. Rdxc3 Rxb5 29. Qc2 Rfb8 30. Rxc5 Rb2 31. e5 Qd8 32. Qa4 Qd2 33. R5c2 Rxc2 34. Qxc2 Qd4 35. Qe4 Qxe4 36. Bxe4 Rb4 37. f3 Ra4 38. Rc2 Bc4 39. Bc6 Rb4 40. a4 Rb1+ 41. Kf2 Bb3 42. Rc3 Rb2+ 43. Ke3 Bd1 44. Ra3 Be2 45. Be4 1-0

[Event "BCF-chT2 0102 (4NCL)"]
[Site "Birmingham"]
[Date "2002.05.04"]
[Round "9.1"]
[White "Quinn, Mark"]
[Black "Twyble, Michael"]
[Result "1-0"]
[WhiteElo "2423"]
[BlackElo "2220"]
[PlyCount "63"]
[EventDate "2001.09.22"]
[EventType "team"]
[EventRounds "11"]
[EventCountry "ENG"]
[SourceTitle "EXT 2003"]
[Source "ChessBase"]
[SourceDate "2002.11.25"]
[SourceVersion "1"]
[SourceVersionDate "2002.11.25"]
[SourceQuality "1"]
[WhiteTeam "Richmond"]
[BlackTeam "Barbican III"]
[WhiteTeamCountry "ENG"]
[BlackTeamCountry "ENG"]

1. c4 c5 2. Nc3 g6 3. g3 Bg7 4. Bg2 Nc6 5. Rb1 Nf6 6. a3 a5 7. e3 0-0 8. Nge2 d6 9. d3 Bd7 10. 0-0 Qc8 11. Nf4 Re8 12. Bd2 Ra6 13. b3 Bg4 14. Qc2 Ne5 15. f3 Bd7 16. b4 axb4 17. axb4 cxb4 18. Rxb4 g5 19. Nfd5 Nxd5 20. Nxd5 b5 21. f4 gxf4 22. exf4 Nc6 23. Rbb1 bxc4 24. Qxc4 e6 25. Nb6 d5 26. Nxc8 dxc4 27. Nd6 Rd8 28. Nxc4 Be8 29. d4 Ne7 30. Ba5 Rd7 31. Rb8 Kf8 32. Bb4 1-0

[Event "Southend op"]
[Site "London"]
[Date "2002.03.30"]
[Round "3"]
[White "Pert, Richard G"]
[Black "Twyble, Michael"]
[Result "1/2-1/2"]
[WhiteElo "2302"]
[BlackElo "2220"]
[PlyCount "135"]
[EventDate "2002.03.29"]
[EventType "swiss"]
[EventRounds "7"]
[EventCountry "ENG"]
[SourceTitle "EXT 2006"]
[Source "ChessBase"]
[SourceDate "2005.11.24"]
[SourceVersion "1"]
[SourceVersionDate "2005.11.24"]
[SourceQuality "1"]

1. e4 e5 2. Nf3 Nc6 3. Nc3 Nf6 4. g3 Bc5 5. Bg2 d6 6. d3 Nd4 7. Na4 Nxf3+ 8. Bxf3 Bb4+ 9. c3 Ba5 10. b4 Bb6 11. Bg2 Be6 12. 0-0 Qd7 13. Nxb6 axb6 14. f4 Bh3 15. Qf3 Bxg2 16. Kxg2 0-0 17. a3 Rfc8 18. Bb2 b5 19. Rae1 Qg4 20. Qxg4 Nxg4 21. c4 bxc4 22. dxc4 Nf6 23. Kf3 Ra4 24. Re2 exf4 25. gxf4 c5 26. Rg1 Kf8 27. e5 dxe5 28. fxe5 Nh5 29. Rd1 Kg8 30. Red2 h6 31. Rd8+ Rxd8 32. Rxd8+ Kh7 33. bxc5 Rxc4 34. Rd7 Rxc5 35. Rxb7 Kg6 36. a4 Ra5 37. Rb6+ Kf5 38. Rb5 Rxa4 39. e6+ Kxe6 40. Rxh5 f6 41. Rb5 Kf7 42. Rb7+ Kg8 43. Kg3 Rc4 44. Rd7 Re4 45. Bd4 Re2 46. h3 Re4 47. Kf3 Rh4 48. Kg2 Re4 49. Kg3 Kh8 50. Bf2 Kh7 51. Kf3 Re5 52. Bd4 Rf5+ 53. Kg4 Rf1 54. Bc5 Kg8 55. h4 Rc1 56. Bd4 Rf1 57. Ba7 Kh7 58. Bc5 h5+ 59. Kg3 Rc1 60. Rd5 Kg6 61. Kf3 Rc3+ 62. Be3 Ra3 63. Rd1 Ra4 64. Bf2 Rg4 65. Rd5 Rc4 66. Rd1 Rg4 67. Rd7 Kh7 68. Rb7 1/2-1/2

[Event "Southend op"]
[Site "London"]
[Date "2002.03.30"]
[Round "4"]
[White "Twyble, Michael"]
[Black "Hunt, Harriet"]
[Result "1/2-1/2"]
[WhiteElo "2220"]
[BlackElo "2411"]
[PlyCount "63"]
[EventDate "2002.03.29"]
[EventType "swiss"]
[EventRounds "7"]
[EventCountry "ENG"]
[SourceTitle "EXT 2006"]
[Source "ChessBase"]
[SourceDate "2005.11.24"]
[SourceVersion "1"]
[SourceVersionDate "2005.11.24"]
[SourceQuality "1"]

1. e4 c5 2. Nf3 d6 3. d4 cxd4 4. Nxd4 Nf6 5. Nc3 a6 6. Bg5 e6 7. f4 Be7 8. Qf3 Qc7 9. 0-0-0 Nbd7 10. Bd3 h6 11. Bh4 g5 12. fxg5 Ne5 13. Qe2 Nfg4 14. Nf3 Nxf3 15. gxf3 hxg5 16. Bg3 Ne5 17. f4 gxf4 18. Bxf4 Bd7 19. Rdf1 b5 20. Kb1 Bc6 21. Bxe5 dxe5 22. Qg4 Bf8 23. Qg5 Rh6 24. Qg8 Rg6 25. Qh7 Rg7 26. Qh4 Qe7 27. Qf2 Rg4 28. h4 Bh6 29. h5 Rf4 30. Qb6 Qb7 31. Qc5 f6 32. Ne2 1/2-1/2

[Event "BCF-chT 0102 (4NCL)"]
[Site "Birmingham"]
[Date "2001.09.22"]
[Round "1.6"]
[White "Dishman, Stephen"]
[Black "Twyble, Michael"]
[Result "1/2-1/2"]
[WhiteElo "2347"]
[BlackElo "2234"]
[PlyCount "37"]
[EventDate "2001.09.22"]
[EventType "team"]
[EventRounds "11"]
[EventCountry "ENG"]
[SourceTitle "CBM 084 Extra"]
[Source "ChessBase"]
[SourceDate "2001.10.26"]
[SourceVersion "1"]
[SourceVersionDate "2001.10.26"]
[SourceQuality "1"]
[WhiteTeam "Barbican"]
[BlackTeam "Barbican II"]
[WhiteTeamCountry "ENG"]
[BlackTeamCountry "ENG"]

1. d4 d5 2. Nf3 Bf5 3. c4 e6 4. Nc3 Nc6 5. Bf4 Nf6 6. e3 Bb4 7. Qb3 0-0 8. Bg5 a5 9. a3 a4 10. Qd1 Bxc3+ 11. bxc3 Na5 12. Bxf6 Qxf6 13. Ne5 Rfd8 14. c5 b6 15. c6 Qe7 16. Bb5 f6 17. Nd3 Bxd3 18. Qxd3 Qd6 19. Bxa4 1/2-1/2